Provincias de los Pirineos españoles - Estadísticas

Estadísticas generales
  • Esta prueba ha sido intentada 2.863 veces
  • La puntuación promedio es 6 de 7
Estadísticas de respuestas
Provincias % Correcto
Gerona
94%
Lérida
92%
Huesca
91%
Navarra
89%
Barcelona
76%
Zaragoza
74%
Guipúzcoa
71%
No se encontraron pruebas coincidentes
Distribución de puntuación
Porcentaje de gente con cada puntuación
Porcentaje por número respondido
Historial de tus puntuaciones
No has intentado esta prueba.